Central Library OPAC University of Rajshahi

The administrative divisions of the People's Republic of China, 1980 / (Record no. 26050)

MARC details
000 -LEADER
fixed length control field 01085nam a2200325 a 4500
001 - CONTROL NUMBER
control field 26050
003 - CONTROL NUMBER IDENTIFIER
rucl marc code BD-RjUL
005 - DATE AND TIME OF LATEST TRANSACTION
control field 20211209050950.0
008 - FIXED-LENGTH DATA ELEMENTS--GENERAL INFORMATION
fixed length control field 140320s1981 cc e f 0 eng d
034 0# - CODED CARTOGRAPHIC MATHEMATICAL DATA
Category of scale a
035 ## - SYSTEM CONTROL NUMBER
System control number (BD-RjUL)26120
040 ## - CATALOGING SOURCE
Original cataloging agency DLC
Transcribing agency DLC
Modifying agency DLC
-- BD-RjUL
Language of cataloging eng
041 0# - LANGUAGE CODE
Language code of text/sound track or separate title engchi
052 ## - GEOGRAPHIC CLASSIFICATION
Geographic classification area code 7821
072 #7 - SUBJECT CATEGORY CODE
Subject category code F7
Source lcg
082 00 - DEWEY DECIMAL CLASSIFICATION NUMBER
Classification number 911.51
Edition number 21
Author mark and year ADM 1981
110 2# - MAIN ENTRY--CORPORATE NAME
Corporate name or jurisdiction name as entry element Di tu chu ban she.
9 (RLIN) 80042
245 14 - TITLE STATEMENT
Title The administrative divisions of the People's Republic of China, 1980 /
250 ## - EDITION STATEMENT
Edition statement 1st ed., 1981.
255 ## - CARTOGRAPHIC MATHEMATICAL DATA
Statement of scale Scales differ.
260 ## - PUBLICATION, DISTRIBUTION, ETC. (IMPRINT)
Place of publication, distribution, etc. Beijing :
Name of publisher, distributor, etc. Cartographic Publishing House,
Date of publication, distribution, etc. 1981.
300 ## - PHYSICAL DESCRIPTION
Pagination 1 atlas (168 p.) :
Illustrations ill. ;
Size 19 cm.
500 ## - GENERAL NOTE
General note "Compiled on the basis of the revised Chinese edition of 'The administrative divisions of the People's Republic of China, 1980'"--Note, prelim. p. [3].
504 ## - BIBLIOGRAPHY, ETC. NOTE
Bibliography, etc Includes index.
651 #0 - SUBJECT ADDED ENTRY--GEOGRAPHIC NAME
Geographic name China
General subdivision Administrative and political divisions
Form subdivision Maps.
9 (RLIN) 80037
942 ## - ADDED ENTRY ELEMENTS (KOHA)
Source of classification or shelving scheme Dewey Decimal Classification
Koha item type Books
987 ## - LOCAL ROMANIZATION/CONVERSION HISTORY (OCLC)
Romanization/conversion identifier PINYIN
Agency that converted, created or reviewed DLC
Date of conversion or review 20021003
Status code c
Holdings
Lost status Source of classification or shelving scheme Damaged status Not for loan Collection code Permanent Location Current Location Shelving location Date acquired Source of acquisition Total Checkouts Full call number Date last seen Copy number Koha item type
  Dewey Decimal Classification     Non-fiction Central Library, University of Rajshahi Central Library, University of Rajshahi   24/10/1984 China Emban Gift   911.51 ADM 1981 20/03/2014 C-3 Books
  Dewey Decimal Classification     Non-fiction Central Library, University of Rajshahi Central Library, University of Rajshahi   24/10/1984 China Emban Gift   911.51 ADM 1981 20/03/2014 C-4 Books
  Dewey Decimal Classification     Non-fiction Central Library, University of Rajshahi Central Library, University of Rajshahi   24/10/1984 China Emban Gift   911.51 ADM 1981 20/03/2014 C-5 Books
  Dewey Decimal Classification     Non-fiction Central Library, University of Rajshahi Central Library, University of Rajshahi   24/10/1984 China Emban Gift   911.51 ADM 1981 20/03/2014 C-2 Books